[Event "EYg16"]
[Site "Herceg Novi SCG"]
[Date "2005.09.20"]
[Round "6"]
[White "Severiukhina,Z"]
[Black "Paulet,I"]
[Result "0-1"]
[WhiteElo "2099"]
[BlackElo "2142"]

1.e4 c5 2.Nf3 d6 3.d4 cxd4 4.Nxd4 Nf6 5.Nc3 a6 6.f3 e5 7.Nb3 Be6 8.Be3 Be7
9.Qd2 Nbd7 10.g4 b5 11.g5 b4 12.Nd5 Nxd5 13.exd5 Bf5 14.Rg1 a5 15.a4 bxa3
16.Rxa3 a4 17.Nc1 O-O 18.Na2 e4 19.f4 f6 20.h4 Qb8 21.Qb4 Bd8 22.Qxb8 Rxb8
23.b4 axb3 24.Rxb3 Ba5+ 25.Kd1 Rxb3 26.cxb3 Bb6 27.Bxb6 Nxb6 28.Nb4 fxg5
29.fxg5 Ra8 30.Rg3 Ra5 31.Bc4 Nxc4 32.bxc4 Ra1+ 33.Kd2 Rh1 34.Nc2 Rxh4 35.Nd4 Bd7
36.Nb5 Bxb5 37.cxb5 e3+ 38.Rxe3 Rd4+ 39.Rd3 Rb4 40.Kc3 Rxb5 41.Kc4 Rc5+ 42.Kd4 Ra5
43.Ke4 Kf7 44.Rb3 Ra6 45.Rb7+ Kg6 46.Rd7 Rb6 47.Kf4 Rb4+ 48.Kf3 Rb6 49.Kf4 Rb4+
50.Kf3 Rd4 51.Rxd6+ Kxg5 52.Ke3 Rd1 53.Rd7 Kh6 54.Ke2 Ra1 55.Kf3 g5 56.Kg4 Rg1+
57.Kf3 Rd1 58.Kg4 Rd4+ 59.Kg3 Kg6 60.d6 h5 61.Rd8 h4+ 62.Kh2 Kf5 63.d7 Kg4
64.Kg2 Rd2+ 65.Kf1 h3 66.Ke1 Rd6 67.Kf2 h2 68.Rh8 Rxd7 69.Rxh2 Rd2+ 70.Kg1 Rxh2
71.Kxh2 Kf3 72.Kh1 g4 73.Kg1 Kg3  0-1

[Event "Caissa IM September"]
[Site "Kecskemet HUN"]
[Date "2005.09.21"]
[Round "6"]
[White "Donko,M"]
[Black "Keresztes,R"]
[Result "1/2-1/2"]
[WhiteElo "2040"]
[BlackElo "2232"]

1.e4 c5 2.Nf3 d6 3.d4 cxd4 4.Nxd4 Nf6 5.Nc3 a6 6.f3 e5 7.Nb3 Be6 8.Be3 d5
9.exd5 Nxd5 10.Nxd5 Bxd5 11.c4 Bb4+ 12.Kf2 Be6 13.Qxd8+ Kxd8 14.a3 Be7 15.Na5 Kc7
16.c5 Nc6 17.Nxc6 Kxc6 18.b4 f5 19.Be2 Rhd8 20.Rhd1 Bb3 21.Rd3 Ba4 22.Rxd8 Rxd8
23.Ra2 Bb5 24.g3 Bxe2 25.Kxe2 Kb5 26.a4+ Kc4 27.Rb2 Kc3 28.Rb1 Rd5 29.b5 Bxc5
30.bxa6 bxa6 31.Bxc5 Rxc5 32.Rb7 g6 33.Rxh7 Kb4 34.Rg7 Rc6 35.Re7 Kxa4 36.Rxe5 Rd6
37.h4 a5 38.h5 gxh5 39.Rxf5 Rh6 40.g4 hxg4 41.fxg4 Kb4  1/2-1/2

[Event "EYg18"]
[Site "Herceg Novi SCG"]
[Date "2005.09.22"]
[Round "8"]
[White "Romakin,H"]
[Black "Machalova,E"]
[Result "0-1"]
[WhiteElo "2047"]
[BlackElo "2078"]

1.e4 c5 2.Nf3 d6 3.d4 cxd4 4.Nxd4 Nf6 5.Nc3 a6 6.f3 e6 7.Be3 b5 8.Nb3 Qc7
9.Qd2 Nbd7 10.g4 Ne5 11.Qf2 Nfd7 12.O-O-O Bb7 13.Kb1 Rc8 14.Rg1 Be7 15.g5 Nc4
16.Bc1 Ndb6 17.Bd3 b4 18.Ne2 a5 19.Nbd4 Qc5 20.Rg2 a4 21.b3 Na3+ 22.Bxa3 bxa3
23.Bb5+ Kf8 24.c3 axb3 25.axb3 a2+ 26.Ka1 g6 27.Rc1 e5 28.b4 Qc7 29.Nb3 Nc4
30.Bxc4 Qxc4 31.Na5 Qa6 32.Nxb7 Qxb7 33.Rc2 Ra8 34.Nc1 Kg7 35.Rxa2 Rhc8 36.Qe3 Bd8
37.h4 Bb6 38.Qd3 Qc6 39.Rxa8 Rxa8+ 40.Ra2 Rc8 41.Kb2 Qd7 42.Ra6 Bc7 43.Ra7 Qc6
44.Qa6 Bb6 45.Na2 Bxa7 46.Qxa7 Qc4 47.Qf2 Re8 48.Kb1 Qb3+ 49.Qb2 Qd1+ 50.Qc1 Qxf3
51.Qe1 Qd3+ 52.Kb2 Qa6 53.Nc1 Qa7 54.Kc2 Qa4+ 55.Kb2 Qb5 56.Qf2 Qc6 57.Qf3 Kg8
58.Nb3 Qb6 59.Qg3 Qb5 60.Qf3 Qb6 61.Qg3 Qa6 62.Nc1 Qf1 63.Kc2 Ra8 64.Qe3 Qa6
65.Qd2 Qa4+ 66.Kb2  0-1

[Event "Open"]
[Site "Bucharest ROM"]
[Date "2005.09.24"]
[Round "9"]
[White "Berescu,A"]
[Black "Dumitrache,D"]
[Result "1-0"]
[WhiteElo "2445"]
[BlackElo "2469"]

1.e4 c5 2.Nf3 d6 3.d4 cxd4 4.Nxd4 Nf6 5.Nc3 a6 6.f3 e6 7.Be3 b5 8.Qd2 Nbd7
9.g4 h6 10.O-O-O Ne5 11.a3 Bb7 12.Rg1 d5 13.f4 Nexg4 14.e5 Nxe3 15.Qxe3 b4
16.exf6 Qxf6 17.axb4 Bxb4 18.Qe5 Qxe5 19.fxe5 O-O 20.Rg3 Rfc8 21.Na4 Rc7
22.Kb1 Be7 23.Rc3 Rxc3 24.Nxc3 Bg5 25.Nf3 Bd8 26.Ne2 Bc6 27.Ned4 Be8 28.Rd3 g5
29.h3 Kg7 30.Rb3 h5 31.Rb7 Kh6 32.Nh2 Ba5 33.Bd3 Be1 34.Nxe6 Bg3 35.Nc7 Rd8
36.Nxe8 Rxe8 37.Rxf7 g4 38.hxg4  1-0

[Event "Open A"]
[Site "Hamburg GER"]
[Date "2005.10.04"]
[Round "4"]
[White "Nijboer,F"]
[Black "Schmidt,Ha"]
[Result "1-0"]
[WhiteElo "2545"]
[BlackElo "2368"]

1.e4 c5 2.Nf3 d6 3.d4 cxd4 4.Nxd4 Nf6 5.Nc3 a6 6.f3 Qb6 7.g4 e6 8.Nb3 Be7
9.Qe2 Nfd7 10.g5 Qc7 11.Bg2 b5 12.a3 Bb7 13.f4 Nc6 14.O-O Nb6 15.f5 e5 16.Be3 O-O-O
17.a4 d5 18.axb5 d4 19.bxc6 Bxc6 20.Bf2 Bb7 21.Na4 Nc4 22.Qxc4  1-0

[Event "Open A"]
[Site "Hamburg GER"]
[Date "2005.10.04"]
[Round "4"]
[White "Stellwagen,R"]
[Black "Helmbold,I"]
[Result "1-0"]
[WhiteElo "2167"]
[BlackElo "1992"]

1.e4 c5 2.Nf3 d6 3.d4 cxd4 4.Nxd4 Nf6 5.Nc3 a6 6.f3 e6 7.Be3 Nbd7 8.Qd2 Qc7
9.O-O-O b5 10.g4 Ne5 11.g5 Nfd7 12.f4 Nc4 13.Bxc4 Qxc4 14.Rhe1 Rb8 15.b3 Qc7
16.Bf2 Be7 17.Nd5 exd5 18.exd5 O-O 19.Rxe7 Bb7 20.Ne6 fxe6 21.dxe6  1-0

[Event "USCL"]
[Site "ICC INT"]
[Date "2005.10.05"]
[Round "6"]
[White "Rogers,N"]
[Black "Milman,L"]
[Result "0-1"]
[WhiteElo "2299"]
[BlackElo "2478"]

1.e4 c5 2.Nf3 d6 3.d4 cxd4 4.Nxd4 Nf6 5.Nc3 a6 6.Be3 Ng4 7.Bc1 Nf6 8.f3 e5
9.Nb3 Be6 10.Be3 Be7 11.Qd2 O-O 12.O-O-O b5 13.g4 Nbd7 14.g5 b4 15.Ne2 Ne8
16.f4 exf4 17.Nxf4 Bxg5 18.Nxe6 Bxe3 19.Nxd8 Bxd2+ 20.Rxd2 Rxd8 21.Bxa6 Ne5
22.Rd4 Rb8 23.Be2 g5 24.Rg1 h6 25.h4 f6 26.Nd2 Kf7 27.hxg5 fxg5 28.Rh1 Kg7
29.Nc4 Nxc4 30.Rxc4 Rf4 31.Kd2 Nf6 32.Bd3 Rb7 33.Rc6 Rd7 34.Re1 h5 35.e5 Rf2+
36.Kc1 dxe5 37.Rxe5 Rg2 38.Rcc5 Rg1+ 39.Kd2 g4 40.Ke2 h4 41.Rg5+ Kf7 42.Bc4+ Ke7
43.Rce5+ Kd8 44.Re6 Rg2+ 45.Ke3 Rg3+ 46.Ke2 Rg2+ 47.Ke3 Re7 48.Kf4 Rxc2 49.Rxe7 Rxc4+
50.Kf5 Kxe7 51.Rg7+ Kf8 52.Kxf6 Rc6+  0-1

[Event "Open A"]
[Site "Hamburg GER"]
[Date "2005.10.06"]
[Round "6"]
[White "Zaragatski,I"]
[Black "Krulich,R"]
[Result "1/2-1/2"]
[WhiteElo "2376"]
[BlackElo "2186"]

1.e4 c5 2.Nf3 d6 3.d4 cxd4 4.Nxd4 Nf6 5.Nc3 a6 6.f3 e5 7.Nb3 Be6 8.Be3 h5
9.Nd5 Nxd5 10.exd5 Bf5 11.Bd3 Qh4+ 12.Bf2 Qg5 13.Bxf5 Qxf5 14.O-O Nd7 15.Na5 Be7
16.c4 O-O 17.b4 Rac8 18.Rc1 Rc7 19.c5 Bg5 20.Rc4 dxc5 21.bxc5 Nf6 22.d6 Rd8
23.Re1 Bf4 24.h3 Qg5 25.Qd3 b6 26.h4 Qh6 27.cxb6 e4 28.fxe4 Rxd6 29.Qf3 Ng4
30.e5 Bxe5 31.b7 Rf6 32.Qa3 Bh2+ 33.Kh1 Bd6 34.Bc5 Qd2 35.Qc1 Nf2+ 36.Kg1 Nh3+
37.Kh1 Nf2+  1/2-1/2

[Event "2nd Bundesliga Ost 2005-6"]
[Site "Austria AUT"]
[Date "2005.10.08"]
[Round "1"]
[White "Varga,Zo"]
[Black "Papp,Ga"]
[Result "1/2-1/2"]
[WhiteElo "2525"]
[BlackElo "2474"]

1.e4 c5 2.Nf3 d6 3.d4 cxd4 4.Nxd4 Nf6 5.Nc3 a6 6.f3 e6 7.Be3 b5 8.Qd2 b4
9.Nce2 e5 10.Nb3 Nc6 11.c4 Be6 12.Ng3 Be7 13.Nf5 Bxf5 14.exf5 a5 15.Rd1 Rc8
16.Bd3 a4 17.Nc1 d5 18.cxd5 Nxd5 19.Ba6 Nxe3 20.Qxe3 Nd4 21.Bxc8 Nc2+ 22.Kf2 Nxe3
23.Rxd8+ Kxd8 24.Kxe3 Kxc8 25.Nd3 Bg5+ 26.Ke2 Bc1 27.h4 Bh6 28.Nc5 Kc7 29.Rd1 Kc6
30.Ne4 Rc8 31.Rd6+ Kc7 32.Kd3 Bc1 33.b3 axb3 34.axb3 Bb2 35.f6 gxf6 36.Kc4 Ra8
37.Rd5 h6 38.Nd6 Ra6 39.Nb5+ Kc8 40.Rd6 Ra1 41.Rd2 Bc3 42.Rd3 Ra6 43.Nd6+ Kc7
44.Ne8+ Kc8 45.Nd6+ Kc7 46.Ne4 Ra2 47.g3 Ra6 48.Rd1 h5 49.g4 hxg4 50.fxg4 Ra2
51.Rh1 Rg2 52.h5 Rxg4 53.Kd5 f5  1/2-1/2

[Event "Open A"]
[Site "Hamburg GER"]
[Date "2005.10.08"]
[Round "8"]
[White "Wobbe,S"]
[Black "Reddmann,H"]
[Result "0-1"]
[WhiteElo "2200"]
[BlackElo "2319"]

1.e4 c5 2.Nf3 d6 3.d4 cxd4 4.Nxd4 Nf6 5.Nc3 a6 6.f3 e6 7.Be3 Nbd7 8.Qd2 Qc7
9.g4 Ne5 10.O-O-O Be7 11.g5 Nfd7 12.f4 Nc4 13.Bxc4 Qxc4 14.Kb1 b5 15.Nce2 Bb7
16.Ng3 g6 17.h4 h5 18.gxh6 Nf6 19.e5 Nd5 20.Rh2 O-O-O 21.h5 g5 22.c3 Nxe3
23.Qxe3 gxf4 24.Qxf4 dxe5 25.Qxe5 Qd5 26.Qxd5 Bxd5 27.Nge2 e5 28.Nc2 Bxa2+
29.Kxa2 Rxd1 30.Ne3 Rd2 31.Nf5 Bf8  0-1

[Event "Bygger'n Masters"]
[Site "Gausdal NOR"]
[Date "2005.10.09"]
[Round "9"]
[White "Getz,N"]
[Black "Urkedal,F"]
[Result "0-1"]
[WhiteElo "1913"]
[BlackElo "2141"]

1.e4 c5 2.Nf3 d6 3.d4 cxd4 4.Nxd4 Nf6 5.Nc3 a6 6.f3 e6 7.Be3 b5 8.g4 h6 9.Qd2 b4
10.Nce2 e5 11.Nf5 d5 12.g5 hxg5 13.Bxg5 Bxf5 14.exf5 Nbd7 15.Ng3 Be7 16.O-O-O Rb8
17.Qe2 Qc7 18.Kb1 a5 19.Bg2 a4 20.Rd3 O-O 21.Bxf6 Nxf6 22.h4 Bd6 23.Qd2 e4
24.Nxe4 dxe4 25.Rxd6 Rbd8 26.Rxd8 Rxd8 27.Qe2 e3 28.Qxe3 Nd5 29.Qc1 a3 30.Rg1 axb2
31.Kxb2 Qe5+ 32.c3 bxc3+ 33.Ka1 Rb8 34.Re1 Qf6 35.Qc2 Nb4 36.Qb3 c2+  0-1

[Event "5th ch-Asian"]
[Site "Hyderabad IND"]
[Date "2005.10.09"]
[Round "4"]
[White "Hossain,Enam"]
[Black "Visweswaran,K"]
[Result "1-0"]
[WhiteElo "2476"]
[BlackElo "2289"]

1.e4 c5 2.Nf3 d6 3.d4 cxd4 4.Nxd4 Nf6 5.Nc3 a6 6.f3 e5 7.Nb3 Be6 8.Be3 Be7
9.Qd2 O-O 10.O-O-O Nbd7 11.g4 Nb6 12.g5 Nh5 13.Rg1 Rc8 14.Kb1 Qc7 15.Qf2 Nc4
16.Bxc4 Bxc4 17.Qd2 g6 18.h4 Kh8 19.Na4 Rce8 20.Nb6 f5 21.Qc3 Rc8 22.Nxc8 Rxc8
23.exf5 gxf5 24.f4 Bxb3 25.Qxb3 Kg7 26.Qe6  1-0

[Event "TCh-FIN 2005-6"]
[Site "Jyvaskyla FIN"]
[Date "2005.10.09"]
[Round "4"]
[White "Luukkonen,T"]
[Black "Johansson,Ju"]
[Result "1-0"]
[WhiteElo "2254"]
[BlackElo "2117"]

1.e4 c5 2.Nf3 d6 3.d4 cxd4 4.Nxd4 Nf6 5.Nc3 a6 6.f3 e5 7.Nb3 Be6 8.Be3 Nbd7
9.g4 Nb6 10.Qd2 Qc7 11.O-O-O Rc8 12.g5 Nh5 13.Qf2 Nc4 14.Bxc4 Bxc4 15.Bb6 Qb8
16.Na5 Be6 17.Nd5 Bxd5 18.Rxd5 Be7 19.h4 O-O 20.Rd3 f5 21.gxf6 Rxf6 22.Rb3 Rf7
23.Rd1 Nf6 24.Qe2 Nd7 25.Nc4 Rc6 26.Be3 b5 27.Na5 Rc8 28.Rbd3 Nc5 29.Rd5 Qc7
30.Nb3 Nxb3+ 31.axb3 Rxf3 32.Rc5 dxc5 33.Qxf3 Rd8 34.Rg1 Qd6 35.Qg4 Bf8 36.Bg5 Rd7
37.h5 h6 38.Be3 Rc7 39.Qh3 c4 40.Rg6 Qb4 41.Bd2 c3 42.bxc3 Qxe4 43.Bxh6 b4
44.c4 Kh7 45.Qe3 Qf5 46.Rg5 Qf1+ 47.Kb2 gxh6 48.Qe4+ Kh8 49.Rf5 Qh3 50.Rxf8+ Kg7
51.Rf3 Qxh5 52.Rg3+ Kf8 53.Qa8+  1-0

[Event "Goodbye Summer Open"]
[Site "Omis CRO"]
[Date "2005.10.13"]
[Round "6"]
[White "Deur,Z"]
[Black "Milosavljevic,J"]
[Result "0-1"]
[WhiteElo "1906"]
[BlackElo "2082"]

1.e4 c5 2.Nf3 d6 3.d4 cxd4 4.Nxd4 Nf6 5.Nc3 a6 6.f3 e5 7.Nb3 Be6 8.Be3 b5
9.Qd2 Be7 10.O-O-O O-O 11.Kb1 Qc7 12.g4 b4 13.Na4 Nc6 14.Nb6 Rab8 15.Nd5 Qb7
16.Bc4 Rfd8 17.h4 a5 18.Bb6 Bxd5 19.Bxd8 Bxc4 20.Bxe7 Qxe7 21.Qxd6 Qxd6 22.Rxd6 Bb5
23.Rhd1 h6 24.Nc5 Ne8 25.Nd7 Rb7 26.Nc5 Nxd6 27.Rxd6 Rb8 28.a4 bxa3 29.c4 Ba6
30.Rxc6 Rxb2+ 31.Ka1 Bxc4 32.Na4 Rc2 33.Kb1 a2+ 34.Kxc2 a1=Q 35.Rxc4 Qa2+
36.Kd3 Qf2  0-1

[Event "12th Young Masters"]
[Site "Zug SUI"]
[Date "2005.10.16"]
[Round "9"]
[White "Sakelsek,T"]
[Black "Seps,M"]
[Result "1-0"]
[WhiteElo "2404"]
[BlackElo "2200"]

1.e4 c5 2.Nf3 d6 3.d4 cxd4 4.Nxd4 Nf6 5.Nc3 a6 6.f3 e5 7.Nb3 Be6 8.Be3 Be7
9.Qd2 O-O 10.O-O-O Nbd7 11.g4 b5 12.g5 b4 13.Ne2 Ne8 14.f4 a5 15.f5 a4 16.fxe6 axb3
17.exf7+ Rxf7 18.Kb1 bxc2+ 19.Qxc2 Bxg5 20.Bxg5 Qxg5 21.Ng3 Nb6 22.Bc4 d5
23.Rxd5 Nxc4 24.Qxc4 Kh8 25.Ra5 Rxa5 26.Qxf7 Nf6 27.Qf8+ Ng8 28.Qxb4 Ra8
29.Rd1 Rd8 30.Rxd8 Qxd8 31.a4 Ne7 32.Qb5 h6 33.a5 Qd6 34.Nf5 Nxf5 35.exf5 Kh7
36.Qc4  1-0

[Event "Chigorin Mem"]
[Site "St Petersburg RUS"]
[Date "2005.10.18"]
[Round "4"]
[White "Serov,A"]
[Black "Dzhagarov,R"]
[Result "1-0"]
[WhiteElo "2331"]
[BlackElo "2169"]

1.e4 c5 2.Nf3 d6 3.d4 cxd4 4.Nxd4 Nf6 5.Nc3 a6 6.f3 e5 7.Nb3 Be6 8.Be3 Nbd7
9.Qd2 Be7 10.O-O-O Qc7 11.g4 Nb6 12.Qf2 Nfd7 13.Kb1 O-O 14.h4 Rac8 15.g5 Nc4
16.Bxc4 Qxc4 17.f4 exf4 18.Bxf4 Ne5 19.Qg3 Qc7 20.Rh2 Rfd8 21.h5 Nc4 22.Nd5 Bxd5
23.Rxd5 Qb6 24.Bc1 Bf8 25.Rf2 Ne5 26.Re2 Re8 27.Be3 Qb4 28.Qg2 Qc4 29.c3 Qc7
30.h6 g6 31.Nd2 Qe7 32.Qf1 Qe6 33.Bf4 Be7 34.Rf2 f5 35.Qd1 Rf8 36.Qb3 fxe4
37.Nxe4 Nc4 38.Rd4 d5 39.Qxb7 dxe4 40.Rxe4  1-0

[Event "SCG First League w"]
[Site "Vrnjacka Banja SCG"]
[Date "2005.10.21"]
[Round "5"]
[White "Bjeloglav,M"]
[Black "Zivkovic,Ves"]
[Result "0-1"]
[WhiteElo "2048"]
[BlackElo "2150"]

1.e4 c5 2.Nf3 d6 3.d4 cxd4 4.Nxd4 Nf6 5.Nc3 a6 6.f3 e5 7.Nb3 Be6 8.Be3 Nbd7
9.Qd2 b5 10.a4 b4 11.Nd5 Bxd5 12.exd5 Nb6 13.Bxb6 Qxb6 14.a5 Qb7 15.Bc4 Be7
16.Ra4 Rb8 17.Qd3 Ra8 18.c3 bxc3 19.bxc3 O-O 20.Rb4 Qc7 21.O-O Nd7 22.Bxa6 Qa7+
23.Kh1 Qxa6 24.Qxa6 Rxa6 25.Rb7 Rd8 26.Ra1 Bg5 27.Ra4 f5 28.Rc4 Kf8 29.Rc6 Nb8
30.Rcc7 Bf6 31.Kg1 Ra8 32.Kf2 Na6 33.Rc6 Be7 34.Rbb6 Rdb8 35.Ke2 Bd8 36.Rxa6 Rxa6
37.Rxa6 Rxb3 38.Kd3 Ra3 39.Rxd6 Bxa5 40.Rc6 Ke7 41.g4 fxg4 42.fxg4 Kd7 43.h3 e4+
44.Kxe4 Rxc3 45.Ra6 Bc7 46.h4 Rc4+ 47.Kf5 Rd4 48.h5 Rxd5+ 49.Ke4 Re5+ 50.Kf3 Re6
51.Ra4 Ke7 52.Ra7 Rc6 53.Ra4 Kf6 54.Rb4 Rc3+ 55.Ke4 Kg5 56.Kd5 Bf4 57.Rb7 Rc7
58.Rb5 Kxg4 59.Ke6 Bg5 60.Rb4+ Kxh5  0-1

[Event "Chigorin Mem"]
[Site "St Petersburg RUS"]
[Date "2005.10.23"]
[Round "9"]
[White "Zakurdjaeva,I"]
[Black "Fedorovtsev,I"]
[Result "1-0"]
[WhiteElo "2307"]
[BlackElo "2070"]

1.e4 c5 2.Nf3 d6 3.d4 cxd4 4.Nxd4 Nf6 5.Nc3 a6 6.f3 e5 7.Nb3 Be6 8.Be3 Be7
9.Qd2 h5 10.O-O-O Nbd7 11.Qf2 b5 12.Nd5 Nxd5 13.exd5 Bf5 14.Bd3 Bxd3 15.Rxd3 Rc8
16.Kb1 Nf6 17.g3 Qc7 18.Rc1 Qd7 19.Qg2 g6 20.Nd2 a5 21.Bg5 O-O 22.Bxf6 Bxf6
23.g4 Kh7 24.Ne4 Be7 25.gxh5 gxh5 26.Ng5+ Kh6 27.Rg1 Qf5 28.Ne4 Rg8 29.Qxg8 Rxg8
30.Rxg8 Qh3 31.a3 Qxh2 32.Rc3 Qh1+ 33.Ka2 Qd1 34.Rcc8 Qxd5+ 35.b3 f5 36.Rh8+ Kg7
37.Ng3 Qxf3 38.Nxh5+ Kf7 39.Rh7+ Kg6 40.Rxe7 Kxh5 41.Rh8+ Kg4 42.Rg7+ Kf4
43.Rh4+ Ke3 44.Rc7 Qf2 45.Rc3+ Ke2 46.Rch3 Qf1 47.Rh1 Qf3 48.R4h2+ Ke3 49.Rh3 e4
50.c3 a4 51.c4 axb3+ 52.Kxb3 Kd4+ 53.Rxf3 bxc4+ 54.Kc2 exf3 55.a4  1-0

[Event "Chigorin Mem"]
[Site "St Petersburg RUS"]
[Date "2005.10.23"]
[Round "9"]
[White "Chebotarev,O"]
[Black "Purtov,A"]
[Result "0-1"]
[WhiteElo "2504"]
[BlackElo "2404"]

1.e4 c5 2.Nf3 d6 3.d4 cxd4 4.Nxd4 Nf6 5.Nc3 a6 6.f3 e5 7.Nb3 Be6 8.Be3 Be7
9.Qd2 O-O 10.O-O-O Nbd7 11.g4 b5 12.g5 Nh5 13.Nd5 Bxd5 14.exd5 f5 15.Rg1 f4
16.Bf2 Bxg5 17.Na5 Bh4 18.Bxh4 Qxh4 19.Nc6 Kh8 20.c4 bxc4 21.Bxc4 g6 22.a4 Ng7
23.a5 Nf5 24.Kb1 Ne3 25.Rc1 Qf6 26.b4 Nxc4 27.Rxc4 Qf7 28.Ka2 Nf6 29.Rd1 Rfc8
30.Ka3 Rc7 31.Ka4 Rb7 32.Rc3 Rb5 33.Rd3 Rc8 34.h3 Rc7 35.Ka3 Qd7  0-1

[Event "5th Rohde Open"]
[Site "Sautron FRA"]
[Date "2005.10.25"]
[Round "4"]
[White "Berthelot,Y"]
[Black "Tratar,M"]
[Result "0-1"]
[WhiteElo "2307"]
[BlackElo "2440"]

1.e4 c5 2.Nf3 d6 3.d4 cxd4 4.Nxd4 Nf6 5.Nc3 a6 6.f3 e6 7.Be3 b5 8.Qd2 Nbd7
9.O-O-O Bb7 10.g4 h6 11.Bd3 Ne5 12.Rhe1 Rc8 13.Kb1 Nfd7 14.f4 Nc4 15.Bxc4 Rxc4
16.Bf2 Be7 17.h4 Nc5 18.b3 b4 19.Nd5 Nxe4 20.Rxe4 Bxd5 21.Re3 Rc3 22.Rxc3 bxc3
23.Qxc3 O-O 24.g5 Qc8 25.Qxc8 Rxc8 26.Nf5 Bf8 27.Ne3 Bf3 28.Rd4 d5 29.Ra4 Bd6
30.Nf1 Be4 31.Nd2 Bxc2+ 32.Kb2 Bd3  0-1

[Event "II Open"]
[Site "Calvia ESP"]
[Date "2005.10.27"]
[Round "8"]
[White "Ehsan,A"]
[Black "Pena Gomez,M"]
[Result "0-1"]
[WhiteElo "2083"]
[BlackElo "2315"]

1.e4 c5 2.Nf3 d6 3.d4 cxd4 4.Nxd4 Nf6 5.Nc3 a6 6.f3 e5 7.Nb3 Be6 8.Be3 Nbd7
9.Qd2 Be7 10.g4 Nb6 11.g5 Nh5 12.O-O-O Rc8 13.Kb1 O-O 14.h4 Ng3 15.Rg1 Nxf1
16.Rdxf1 Nc4 17.Qe2 Qc7 18.Bc1 Na3+ 19.bxa3 Qxc3 20.Qg2 a5 21.Bb2 Qc7 22.f4 Bc4
23.Rf2 a4 24.Nc1 d5 25.Rd1 Qb6 26.exd5 Bxa3 27.c3 Bc5 28.Rc2 exf4 29.a3 Bxa3  0-1

[Event "5th Rohde Open"]
[Site "Sautron FRA"]
[Date "2005.10.27"]
[Round "6"]
[White "Berthelot,Y"]
[Black "Sulypa,A"]
[Result "0-1"]
[WhiteElo "2307"]
[BlackElo "2489"]

1.e4 c5 2.Nf3 d6 3.d4 cxd4 4.Nxd4 Nf6 5.Nc3 a6 6.f3 e5 7.Nb3 Be6 8.Be3 Be7
9.Qd2 O-O 10.O-O-O Nbd7 11.g4 Qc7 12.g5 Nh5 13.Nd5 Bxd5 14.exd5 a5 15.Kb1 Nb6
16.Nxa5 Nf4 17.Bxf4 exf4 18.h4 Rfc8 19.Bh3 Re8 20.Rhe1 h6 21.gxh6 Bf6 22.Rxe8+ Rxe8
23.Qb4 Re5 24.hxg7 Nxd5 25.Qxb7 Qxa5 26.Qb8+ Kxg7 27.Rg1+ Bg5 28.a4 Re1+
29.Rxe1 Qxe1+ 30.Ka2 Bf6 31.Qxd6 Qa5 32.Bd7 Qd2 33.Kb3 Qe3+ 34.Ka2 Qd4 35.Qa3 Nb4+
36.Kb3 Be7 37.Bb5 Qd5+ 38.Bc4 Qxf3+ 39.Bd3 Qd5+ 40.Bc4 Qe4  0-1

[Event "9th Bavarian Open"]
[Site "Bad Wiessee GER"]
[Date "2005.10.29"]
[Round "1"]
[White "Sandipan,C"]
[Black "Janasik,G"]
[Result "1-0"]
[WhiteElo "2560"]
[BlackElo "2054"]

1.e4 c5 2.Nf3 d6 3.d4 cxd4 4.Nxd4 Nf6 5.Nc3 a6 6.Be3 Ng4 7.Bc1 Nf6 8.f3 e5
9.Nb3 Be6 10.Be3 b5 11.a4 b4 12.Nd5 Bxd5 13.exd5 Qc7 14.a5 Qb7 15.Bc4 Nbd7
16.Qd2 g6 17.O-O Bg7 18.Ra4 Rb8 19.Qd3 Ra8 20.Bb6 Nxb6 21.Rxb4 Nfd7 22.axb6 a5
23.Rb5 a4 24.Nd2 a3 25.bxa3 Nc5 26.Rxc5 dxc5 27.Bb5+ Kd8 28.Bc6 Qxb6 29.Nc4 Qa7
30.Bxa8 Qxa8 31.Rb1 Re8 32.Nd6 Re7 33.Qb5 f5 34.Nb7+  1-0

[Event "Autumn Open"]
[Site "St Petersburg RUS"]
[Date "2005.11.01"]
[Round "4"]
[White "Akatova,E"]
[Black "Chuvakov,N"]
[Result "1-0"]
[WhiteElo "2151"]
[BlackElo "1861"]

1.e4 c5 2.Nf3 d6 3.d4 cxd4 4.Nxd4 Nf6 5.Nc3 a6 6.f3 e6 7.Be3 Qc7 8.Qd2 b5
9.O-O-O b4 10.Na4 Nfd7 11.Qxb4 Be7 12.Qc3 Qb7 13.Nb3 Nc6 14.Qxg7 Bf6 15.Qh6 Qb4
16.Nb6 Bxb2+ 17.Kxb2 Nxb6 18.Bxb6 Qxb6 19.Qg7 Rf8 20.Rxd6 a5 21.Qc3 Bd7 22.Qc5 Qb7
23.Bb5 Rc8 24.Rhd1 Nb8 25.Rxd7 Nxd7 26.Rxd7 Rxc5 27.Rxb7+ Rxb5 28.Rxb5  1-0

[Event "Corsica Masters Prelim"]
[Site "Bastia FRA"]
[Date "2005.11.03"]
[Round "1"]
[White "Almasi,Z"]
[Black "Agrest,E"]
[Result "1/2-1/2"]
[WhiteElo "2640"]
[BlackElo "2571"]

1.e4 c5 2.Nf3 d6 3.d4 Nf6 4.Nc3 cxd4 5.Nxd4 a6 6.f3 e5 7.Nb3 Be6 8.Be3 Be7
9.Qd2 O-O 10.O-O-O Nbd7 11.g4 b5 12.g5 b4 13.Ne2 Ne8 14.Ng3 a5 15.Kb1 a4
16.Nc1 Qb8 17.Nf5 Bd8 18.Bd3 b3 19.cxb3 axb3 20.a3 Ba5 21.Qe2 Nb6 22.Ne7+ Kh8
23.Nc6 Qb7 24.Nxa5 Rxa5 25.Qd2 Ra4 26.Ne2 Nc7 27.Nc3 Raa8 28.h4 Rfd8 29.h5 d5
30.h6 g6 31.Bxb6 Qxb6 32.exd5 Nxd5 33.Be4 Ne3 34.Qf2 Rab8 35.Rxd8+ Rxd8 36.Rd1 Rxd1+
37.Nxd1 Nc4 38.Qxb6 Nxb6 39.Nc3 Kg8 40.a4 Nc4 41.Nd5 f5 42.Nf6+ Kf7 43.Bc6 e4
44.fxe4 f4 45.e5 Nxe5 46.Bb5 f3 47.Kc1 Bc4 48.Nd7 Nd3+ 49.Kd2 Bxb5 50.axb5 Nxb2
51.Ne5+ Ke6 52.Nxf3 Na4 53.Nh4 Kf7 54.Kd3 Ke6 55.Nxg6 Kf5 56.Nf8 Kxg5 57.Nxh7+ Kxh6
58.Nf8 b2 59.Kc2 b1=Q+  1/2-1/2

[Event "Corsica Masters Prelim"]
[Site "Bastia FRA"]
[Date "2005.11.03"]
[Round "4"]
[White "Almasi,Z"]
[Black "Agrest,E"]
[Result "1-0"]
[WhiteElo "2640"]
[BlackElo "2571"]

1.e4 c5 2.Nf3 d6 3.d4 Nf6 4.Nc3 cxd4 5.Nxd4 a6 6.f3 e5 7.Nb3 Be6 8.Be3 Be7
9.Qd2 O-O 10.O-O-O Nbd7 11.g4 b5 12.g5 b4 13.Ne2 Ne8 14.Ng3 a5 15.Kb1 a4
16.Nc1 b3 17.cxb3 axb3 18.a3 Qb8 19.h4 Bd8 20.h5 Ba5 21.Qd3 Nc5 22.Qb5 Qc7
23.Bxc5 Rb8 24.Qa4 Qxc5 25.Rh2 Nc7 26.Nf5 d5 27.Nd3 Qc4 28.Qxa5 dxe4 29.Nxe5 Qc2+
30.Rxc2 bxc2+ 31.Kxc2 Bxf5 32.fxe4 Be6 33.Nc6 Bb3+ 34.Kc3 Ra8 35.Qxc7 Bxd1
36.h6 Ba4 37.Ne7+ Kh8 38.hxg7+ Kxg7 39.Nf5+ Kg6 40.Qd6+ f6 41.gxf6 Rfc8+
42.Bc4 Rc6 43.Ne7+  1-0

[Event "Corsica Masters Prelim"]
[Site "Bastia FRA"]
[Date "2005.11.03"]
[Round "5"]
[White "Almasi,Z"]
[Black "Agrest,E"]
[Result "1-0"]
[WhiteElo "2640"]
[BlackElo "2571"]

1.e4 c5 2.Nf3 d6 3.d4 Nf6 4.Nc3 cxd4 5.Nxd4 a6 6.f3 e5 7.Nb3 Be6 8.Be3 Be7
9.Qd2 O-O 10.O-O-O Nbd7 11.g4 b5 12.g5 b4 13.Ne2 Ne8 14.f4 a5 15.Kb1 a4 16.Nbc1 exf4
17.Nxf4 Bxg5 18.Nxe6 Bxe3 19.Nxd8 Bxd2 20.Rxd2 Rxd8 21.Rd4 a3 22.Rxb4 axb2
23.Nb3 Nef6 24.Kxb2 Rfe8 25.Bg2 Nc5 26.Re1 Nfd7 27.Rd1 Ne5 28.Nxc5 dxc5 29.Rxd8 Rxd8
30.Rb5 f6 31.Rxc5 Rd2 32.Bf1 Rd4 33.Kb3 Rxe4 34.a4 Re1 35.Bb5 Nf3 36.Rd5 Kf7
37.a5 Ke6 38.Rd3 Ne5 39.Rc3 Kd6 40.a6 Rb1+ 41.Ka4 Ra1+ 42.Kb4 Rb1+ 43.Ka5 Ra1+
44.Ba4 Kd5 45.a7 Nc4+ 46.Rxc4 Kxc4 47.a8=Q  1-0

[Event "Corsica Masters Prelim"]
[Site "Bastia FRA"]
[Date "2005.11.03"]
[Round "7"]
[White "Almasi,Z"]
[Black "Agrest,E"]
[Result "1-0"]
[WhiteElo "2640"]
[BlackElo "2571"]

1.e4 c5 2.Nf3 d6 3.d4 Nf6 4.Nc3 cxd4 5.Nxd4 a6 6.f3 e5 7.Nb3 Be7 8.Be3 Be6
9.Qd2 Nbd7 10.g4 O-O 11.g5 Nh5 12.O-O-O Qc7 13.Kb1 Rfc8 14.h4 g6 15.Rg1 Bf8
16.Nd5 Bxd5 17.exd5 Nb6 18.Rg4 a5 19.a4 Bg7 20.c3 Nf4 21.Bxf4 exf4 22.Rxf4 Re8
23.Bb5 Re5 24.Rd4 Nd7 25.f4 Re7 26.Rc4 Qd8 27.Qd3 Qf8 28.Re4 Rxe4 29.Qxe4 Re8
30.Qf3 Re7 31.Nxa5 Nc5 32.Qf1 Qc8 33.Nc4 Qf5+ 34.Ka2 Ne4 35.Qf3 Nxc3+ 36.bxc3 Qc2+
37.Nb2 Bxc3 38.Rb1 Bxb2 39.Rxb2 Qc1 40.f5 Re3 41.Qf1 Qc5 42.fxg6 hxg6 43.Rb3 Qc2+
44.Rb2 Qc5 45.Qd1 Qa3+ 46.Kb1 Qc3 47.Qc2 Qa3 48.Qd2 Rh3 49.Qe2 Rh1+ 50.Kc2 Qa1
51.Bd3 Qxa4+ 52.Kd2 Qa5+ 53.Kc2 Qa4+ 54.Kc3 Qa3+ 55.Rb3 Qa5+ 56.Kc2 Qa2+
57.Rb2 Qa4+ 58.Kd2 Qa5+ 59.Kc2 Qa4+ 60.Kc3 Qa3+ 61.Rb3 Qa5+ 62.Kd4 Rxh4+
63.Ke3 Qxd5 64.Rb5 Rh3+ 65.Kd2 Qa2+ 66.Bc2 Qa3 67.Qe8+ Kg7 68.Rxb7 Qc3+ 69.Kd1 Rh1+
70.Ke2 Re1+ 71.Kf2 Qd2+ 72.Kf3 Rf1+ 73.Kg3 Rg1+  1-0

[Event "1st Open"]
[Site "Piacenza ITA"]
[Date "2005.11.05"]
[Round "3"]
[White "Pace,P"]
[Black "Aleksic,Nen1"]
[Result "0-1"]
[WhiteElo "2233"]
[BlackElo "2381"]

1.e4 c5 2.Nf3 d6 3.d4 cxd4 4.Nxd4 Nf6 5.Nc3 a6 6.f3 e6 7.Be3 b5 8.Qd2 Nbd7
9.O-O-O Bb7 10.g4 Nb6 11.Bd3 Rc8 12.Kb1 Be7 13.h4 Nfd7 14.g5 Ne5 15.Qf2 Nbc4
16.Bc1 Qb6 17.f4 O-O 18.Qg1 Nxd3 19.cxd3 Na3+ 20.bxa3 Rxc3 21.Nf5 Qc7 22.Nxe7+ Qxe7
23.Bb2 Rc5 24.Bd4 Rc6 25.Bf6 Qc7 26.Qg3 Rc8 27.Bb2 Rc2 28.Rc1 d5 29.exd5 Bxd5
30.Rhe1 b4 31.axb4 Qc6 32.b5 Bxa2+  0-1

[Event "zt 2.5"]
[Site "Las Condes CHI"]
[Date "2005.11.08"]
[Round "2"]
[White "Flores,Ma"]
[Black "Lafuente,P"]
[Result "1-0"]
[WhiteElo "2091"]
[BlackElo "2421"]

1.e4 c5 2.Nf3 d6 3.d4 cxd4 4.Nxd4 Nf6 5.Nc3 a6 6.f3 e5 7.Nb3 Be6 8.Be3 Nbd7
9.Qd2 Nb6 10.O-O-O Be7 11.g4 O-O 12.h4 Qc7 13.g5 Nh5 14.Qf2 Nc4 15.Bxc4 Qxc4
16.Na5 Qc7 17.Bb6 Qc8 18.Qd2 Nf4 19.Be3 Qc7 20.Nb3 Nh5 21.f4 g6 22.f5 gxf5
23.exf5 Bxf5 24.Nd5 Qd7 25.Qe2 Bg6 26.Rhg1 Rac8 27.Rd2 Qe6 28.Kb1 Rfe8 29.Ka1 b5
30.c3 Bd8 31.Qd1 Qh3 32.Rh1 Qf5 33.Rf1 Qe4 34.Rh2 Kh8 35.Re1 Qc4 36.Bb6 Rb8
37.Na5 Qc8 38.Bxd8 Rxd8 39.Ne7 Qe6 40.Nac6 Rbc8 41.Rd2 e4 42.Nxc8 Rxc8 43.Rxd6 Qe8
44.Qd4+ Kg8 45.Ne5 Bf5 46.Nd7 Bg6 47.Nf6+ Nxf6 48.gxf6 h5 49.Rg1 e3 50.Re1 e2
51.Qd2 Kh7 52.Rxe2 Qf8 53.Re5 b4 54.Rdd5 bxc3 55.Rxh5+ Kg8 56.bxc3 Rb8 57.Qc1 Rb1+
58.Qxb1 Bxb1 59.Kxb1 Qb8+ 60.Ka1  1-0